| 000 | 00953nam a2200217 a 4500 | ||
|---|---|---|---|
| 001 | 000020475 | ||
| 005 | 20200930011122.0 | ||
| 008 | 081124s1810 dr r 000 0 spa d | ||
| 040 |
_aDO-SdBNP _bspa _cBNPHU |
||
| 082 |
_a972.9303 _bG958d |
||
| 100 | 1 |
_aGuillermin, Gilbert _9574 |
|
| 245 | 1 | 0 |
_aDiario histórico : _bde la revolución de la parte del Este de Santo Domingo, comenzada el 10 de agosto de 1808, con notas estadísticas sobre esta parte / _cGilbert Guillermin ; traducido del francés Armando Rodríguez. |
| 260 |
_aFiladelfia, Estados Unidos : _bImprenta de P. U. Lafourcade, _c[1810]. |
||
| 300 |
_alii , 287 p. ; _c24 cm. |
||
| 590 | _aInventariado, 2018/ YL | ||
| 600 | 1 | 4 |
_aGUILLERMIN, GILBERT _xCORRESPONDENCIAS, MEMORIAS, ETC. _943152 |
| 651 | 4 |
_aRepública Dominicana _xHistoria _yHASTA 1808 _943153 |
|
| 651 | 4 |
_aHispaniola _xHistoria _943154 |
|
| 700 | 1 |
_aRodríguez, Armando, _etr. _9578 |
|
| 910 | _aValidado. Control de calidad MFF | ||
| 999 |
_c19979 _d19979 |
||